| 000 | 00401nam a22001217a 4500 | ||
|---|---|---|---|
| 082 | _a200 THE | ||
| 100 |
_aSadaf Sahar _970703 |
||
| 245 | _aTH-SOF-1058-0ANALYSIS OF RETINAL OCT IMAGES FOR FOVEA LOCALIZATION AND MACULAR EDEMA DETECTION | ||
| 260 |
_aIslamabad _bNUST College of EME _c2015 |
||
| 650 |
_aMS-CSE-13 MSTHESIS _969839 |
||
| 700 |
_aSupervison Dr. Muhammad Usman Akram _970153 |
||
| 942 | _cCF | ||
| 999 |
_c577605 _d577605 |
||